00851cam a2200229I 4500999001700000001000900017003000600026005001700032008004100049040002000090082001500110100003700125245010200162260003500264300002400299490004800323504005200371630003700423630003600460942001300496952011200509 c10146d1014612338884GBCCL20241126110726.0850802s1922 nyu b 001 0 eng d aCBY cCBY dDAY a220.7bICC1 aBigg, Charles,d1840-190891759212aA critical and exegetical commentary on the Epistles of St. Peter and St. Jude /cby Charles Bigg aNew Delhi :bBloomsbury,c2023 axi, 353 p. ;c22 cm aInternational critical commentary v[v. 42] aIncludes bibliographical references and indexes00aBible.pPetervCommentaries988000aBible.pJudevCommentaries9881 2ddccREF 00102ddc4070aGBCbGBCcCOMd2024-03-14l0o220.7 ICCp016623r2025-05-01 00:00:00tc.1w2024-03-14yREF